| 000 | 01112nam a2200193 i 4500 | ||
|---|---|---|---|
| 001 | 111560 | ||
| 003 | ES-MaACL | ||
| 005 | 20240125194422.0 | ||
| 007 | t| | ||
| 008 | 190430s1882 it r ||||1| ita d | ||
| 100 | 1 |
_aProvedi, Agostino Manfrin. _9129413 |
|
| 245 | 1 | 0 |
_aCenni storici del Cav. Agostino Manfrin Provedi sulla traduzione in versi esametri latini della Divina Commedia di Dante Alighieri esequita dall'Abate Gaetano Dalla Piazza _b: susseguiti dalla Vita del Dalla Piazza con aggiuntevi alcune sue lettre : dalla Prefazione che los stesso aveva divisato di pubblicare insieme alla di lui versione, e da un saggio die questa consistente in due tratti die ciascuna delle tre Cantiche col test Italiano a fronte secondo la edizione fiorentina del Le Monnier e C. / _cAgostino Manfrin Provedi. |
| 260 |
_aVenezia : _bVisentini, _c1882. |
||
| 300 |
_a107 p. ; _c22 cm. |
||
| 600 | 0 | 4 |
_aDante Alighieri, _d1265-1321. _tLa divina commedia _9175737 |
| 700 | 1 |
_aPiazza, Gaetano dalla. _9166949 |
|
| 852 |
_aES-MaACL _jT-350-F-1 _z- Dedicatoria autógrafa del autor |
||
| 999 |
_c111560 _d111560 |
||